| 000 | 00631nam a2200205Ia 4500 | ||
|---|---|---|---|
| 005 | 20250508152427.0 | ||
| 008 | 008 250505s9999 xx 000 0 eng d | ||
| 037 | _aTextual | ||
| 040 |
_aFEDL _beng _cFEDL |
||
| 041 |
_aeng _2eng |
||
| 084 |
_a028.52, EAK _qFEDL |
||
| 100 |
_aEakin Mary K _9761457 |
||
| 245 | 0 | _aGood books for children: A selection of outstanding children's book published 1948-57 | |
| 260 |
_aCambridge _bUniverisity of Chicago Press _c1959 |
||
| 300 | _axiv,273p. | ||
| 365 |
_aINR _b325 |
||
| 650 |
_aBook Selection _9761458 |
||
| 942 |
_cTEXL _h028.52, EAK |
||
| 999 |
_c1336354 _d1336354 |
||